Science Quiz

Random Science or Animal Quiz

Animal Name Game Quiz Stats

 Plays Quiz Updated Apr 12, 2015

Challenge
Share
Tweet
Embed
Score 0/24 Timer 07:00
0 Plays Today
Clue Animal % Correct
Mythical fire-breathing beastdragonfly
97.8%
Vegetable in a podpeacock
92.9%
____ the Magic Dragonpuffin
87.2%
Shape on a baseball fielddiamondback
84.9%
Partner of the Trampladybug
84.7%
Insect that may go marching one by oneantelope
83.8%
Beanstalk climberjackal
82.1%
Where an unborn baby liveswombat
80.1%
Auditory organearwig
79.1%
Breathe heavily, like a dogpanther
77.9%
Tree materialwoodchuck
77.4%
Word that precedes cotta or firmaterrapin
75.6%
Clue Animal % Correct
What green means, in trafficgoanna
74.1%
Pac-Man's coloryellowhammer
74.1%
April, May and June seasonspringbok
73.7%
Provide the food at a formal eventcaterpillar
72.7%
Adult boymandrill
71.6%
Scotch, duct or masking e.g.tapeti
68.9%
The 'H' of HMSherring
62.9%
Title for Vito Corleonedonkey
60.4%
Goal for a golf holeparrot
52.5%
Where a genie liveslamprey
51.6%
Rapper ___ Def, or Star Wars town ___ Eisleymosquito
49.7%
Former name of Thailandsiamang
39.9%

You're not logged in!

Compare scores with friends on all Sporcle quizzes.
OR
Log In

You Might Also Like...

Show Comments

Extras

Top Quizzes Today


Score Distribution

Your Account Isn't Verified!

In order to create a playlist on Sporcle, you need to verify the email address you used during registration. Go to your Sporcle Settings to finish the process.

Report this User

Report this user for behavior that violates our Community Guidelines.

Details: